000 00428nab a2200145Ia 4500
003 ES-SlBCS
005 20210601131448.0
008 140529s1913 xxu||||| |||| 00| 0 fre d
041 _afre
100 1 _aBauchal, G.
_9185289
245 0 0 _aLe problème moral
_c G. Bauchal
650 0 4 _aProblema Moral
_9156346
773 0 _tRevue Philosophique de la France et de L'etranger
_gvol. 76, 1913, págs. 158-182
_wRev1701
942 _cAR
999 _c563503
_d563503